| 000 | 00671nam a22002297a 4500 | ||
|---|---|---|---|
| 999 |
_c42909 _d42909 |
||
| 001 | 13984 | ||
| 003 | CO-MdFUSB | ||
| 005 | 20171120090309.0 | ||
| 008 | 171120t1991 sp ||||| |||| 00| 0 spa d | ||
| 020 | _a84-7645-481-3 | ||
| 040 |
_aCO-MdFUSB _bspa _cCO-MdFUSB _dCO-MdFUSBC _erda |
||
| 041 | 0 | _aspa | |
| 082 | 0 | 4 | _aG 226.2 B9731c |
| 100 | 1 |
_aBurt, David F. _eautor |
|
| 245 | 1 | 0 |
_aComentario ampliado del Nuevo Testamento _b : Dios con Nosotros Mateo _c / David F. Burt |
| 264 | 4 |
_aBarcelona : _b CLIE, _c©1991 |
|
| 300 | _a252 Pág. | ||
| 336 |
_2rdacontent _atexto _btxt |
||
| 337 |
_2rdamedia _asin mediación _bn |
||
| 338 |
_2rdacarrier _avolumen _bnc |
||
| 942 | _cBK | ||